书目信息 |
| 题名: |
艾滋病防治政策干部读本
|
|
| 作者: | 靳薇 主编 | |
| 分册: | ||
| 出版信息: | 北京 中共中央党校出版社 2005 |
|
| 页数: | 383页 | |
| 开本: | 22cm | |
| 丛书名: | ||
| 单 册: | ||
| 中图分类: | R512.91 | |
| 科图分类: | ||
| 主题词: | 传染病 | |
| 电子资源: | ||
| ISBN: | 7-5035-3406-0 | |
| 000 | 00567nam0 2200193 450 | |
| 001 | 0757696295 | |
| 005 | 20070712153117.14 | |
| 010 | @a7-5035-3406-0@dCNY33.00 | |
| 100 | @a20070703d2005 km y0chiy0120 ea | |
| 101 | 0 | @achi |
| 102 | @aCN@b110000 | |
| 200 | 1 | @a艾滋病防治政策干部读本@Aai zi bing fang zhi zheng ce gan bu du ben@f靳薇主编@Fjin wei zhu bian |
| 210 | @a北京@c中共中央党校出版社@d2005@h2006 | |
| 215 | @a383页@d22cm | |
| 606 | 0 | @a传染病 |
| 690 | @aR512.91@v3 | |
| 701 | 0 | @a靳薇@Ajin wei@4主编 |
| 801 | 0 | @aCN@bPFT@c20070712 |
| 905 | @a10447@dR512.91@e101 | |
| 艾滋病防治政策干部读本/靳薇主编.-北京:中共中央党校出版社,2005(2006) |
| 383页;22cm |
| ISBN 7-5035-3406-0:CNY33.00 |
| ● |
| 相关链接 |
|
|
|
|
正题名:艾滋病防治政策干部读本
索取号:R512.91/101
 
预约/预借
| 序号 | 登录号 | 条形码 | 馆藏地/架位号 | 状态 | 备注 |
| 1 | 0764952 | 207649525 | 第二样本阅览室/ [索取号:R512.91/101] | 在馆 |